000 00358nam a22001217a 4500
008 181127b xxu||||| |||| 00| 0 eng d
041 _aeng
080 _a043.3
100 _a0
101 _aBTH-SI
245 _aShtrirja hapësinore e sistemit të ujësjellësit të qytetit të Pejës (zona trestenik) dhe menaxhimi efikas i tij
_cPeli,H
942 _2udc
_cBK
999 _c52603
_d52603